Statistiques concernant Culture Générale - Série 1095

Cliquez ici pour prendre le quiz!

Statistiques générales

  • Ce quiz a été pris 58 fois
  • Le résultat moyen est 6 sur 10

Statistiques - réponses

Question Réponse % Correct
La locution latine signifiant "ce qu'il y a de mieux" est : "nec plus...ultra
94%
Dans quel pays est situé Tchernobyl ?Ukraine
92%
Quel fleuve du continent américain est associé aux bateaux à roues ?Mississippi
70%
Quelle est la capitale de l’Arabie saoudite ?Riyad
70%
Quelle était la nationalité du cinéaste Ingmar Bergman ?Suédoise
60%
Porto Alegre, célèbre depuis le premier Forum social mondial de 2001, se trouve au :Brésil
60%
Le fleuve qui sépare en partie le Canada et les États-Unis est le ...Saint-Laurent
53%
Dans quel pays se trouve Davos, ville célèbre depuis le sommet qui porte son nom ?Suisse
51%
Comment appelle-t-on également l'île de Formose ?Taïwan
47%
Quelle contrée est surnommée le Toit du monde ?Tibet
42%

Distribution des résultats

Percentile by Number Answered

% des personnes avec chaque résultat

Votre développement - résultats

Vous n’avez pas pris ce quiz